| 000 -LEADER | |
|---|---|
| fixed length control field | 00428nam a22001697a 4500 |
| 005 - DATE AND TIME OF LATEST TRANSACTION | |
| control field | 20160903163842.0 |
| 008 - FIXED-LENGTH DATA ELEMENTS--GENERAL INFORMATION | |
| fixed length control field | 160903b xxu||||| |||| 00| 0 eng d |
| 020 ## - INTERNATIONAL STANDARD BOOK NUMBER | |
| ISBN | 978-93-808-33-9 |
| 041 ## - LANGUAGE CODE | |
| Language code of text/sound track or separate title | eng |
| 100 ## - MAIN ENTRY--AUTHOR NAME | |
| Personal name | SINGH,DR,C.B AND DR R.K |
| 245 ## - TITLE STATEMENT | |
| Title | A TEXT BOOK OF AGRICULTURAL ECONOMICS |
| 250 ## - EDITION STATEMENT | |
| Edition statement | 1st |
| 260 ## - PUBLICATION, DISTRIBUTION, ETC. (IMPRINT) | |
| Name of publisher | UNIVERSITY SCIENCE PRESS |
| Year of publication | 2011 |
| 300 ## - PHYSICAL DESCRIPTION | |
| Number of Pages | 327 |
| 650 ## - SUBJECT ADDED ENTRY--TOPICAL TERM | |
| Topical Term | AGRICULTURAL |
| 942 ## - ADDED ENTRY ELEMENTS (KOHA) | |
| Koha item type | Books |
| Lost status | Damaged status | Collection code | Home library | Current library | Shelving location | Date acquired | Source of acquisition | Cost, normal purchase price | Full call number | Accession Number | Koha item type | Copy number |
|---|---|---|---|---|---|---|---|---|---|---|---|---|
| Reference | JRU Library | JRU Library | SHELF-2-D | 03/09/2016 | PURCHASE | 210.00 | 631.1 | 20972 | Books | |||
| AGRICULTURE | JRU Library | JRU Library | SHELF-46-I | 03/09/2016 | PURCHASE | 210.00 | 20973 | Books | 5 | |||
| AGRICULTURE | JRU Library | JRU Library | SHELF-46-I | 03/09/2016 | PURCHASE | 210.00 | 20974 | Books | 5 | |||
| AGRICULTURE | JRU Library | JRU Library | SHELF-46-I | 03/09/2016 | PURCHASE | 210.00 | 20975 | Books | 5 | |||
| AGRICULTURE | JRU Library | JRU Library | SHELF-46-I | 03/09/2016 | PURCHASE | 210.00 | 20976 | Books | 5 |